| 000 | 00551 a2200181 4500 | ||
|---|---|---|---|
| 020 | _a158053709X | ||
| 020 | _a9781580537094 | ||
| 040 |
_aDLC _bDLC |
||
| 082 | 0 | 4 | _a621.3815 |
| 100 | 1 | _aKelly, Joe. | |
| 245 | 1 | 0 |
_aAdvanced production testing of RF, SoC, and SiP devices _cJoe Kelly, Michael Engelhardt |
| 260 |
_aBoston : _bArtech House, _cc2007. |
||
| 300 |
_axx, 301 p. : _bill. ; _c24 cm. |
||
| 440 | 0 | _aArtech House microwave library | |
| 650 | 0 |
_aSystems on a chip _xTesting. |
|
| 700 | 1 | _aEngelhardt, Michael. | |
| 942 |
_cBK _k621.3815 KEL _2ddc |
||
| 999 |
_c8097 _d8097 |
||